[Event "Kretsmesterskap i lagsjakk for Troms og nordre Nordland Sjakkrets 2026"]
[Site "Thon Hotel, Harstad"]
[Date "2026.01.23"]
[Group "Kretsmesterskap i lagsjakk for Troms og nordre Nordland Sjakkrets 2026"]
[Table "32"]
[Round "3"]
[White "Tromsø 4-O. Sørensen"]
[Black "Narvik 1-M. Aanstad"]
[WhiteElo "1710"]
[BlackElo "1968"]
[Result "1/2-1/2"]

1. e4 c5 2. Nc3 Nc6 3. Bb5 g6 4. Bxc6 dxc6 5. f4 Bg7 6. Nf3 Nf6 7. O-O O-O 8. d3 b6 9. Qe1 Bd7 10. e5 Nd5 11. Ne4 f5 12. Neg5 h6 13. Nh3 Be6 14. Nf2 Qd7 15. Qe2 Rad8 16. Re1 Rfe8 17. h4 h5 18. Nh3 Qc8 19. Nhg5 Nc7 20. c4 Qd7 21. b3 Qxd3 22. Bb2 Rd7 23. Qf2 Red8 24. Rad1 Qxd1 25. Rxd1 Rxd1+ 26. Kh2 Rb1 27. Bc3 Rbd1 28. Nd2 Rc1 29. Qe3 Rc2 30. a4 Bc8 31. Ngf3 Ne6 32. Ne1 Ra2 33. Nd3 Rc2 34. Nb1 Kf8 35. Ne1 Ra2 36. Nd3 Rc2 37. Ne1 Ra2 38. Nd3 1/2-1/2

[Event "Kretsmesterskap i lagsjakk for Troms og nordre Nordland Sjakkrets 2026"]
[Site "Thon Hotel, Harstad"]
[Date "2026.01.23"]
[Group "Kretsmesterskap i lagsjakk for Troms og nordre Nordland Sjakkrets 2026"]
[Table "11"]
[Round "3"]
[White "Harstad 1-H. Bech"]
[Black "Tromsø 1-M. Schouten"]
[WhiteElo "2139"]
[BlackElo "2292"]
[Result "1/2-1/2"]

1. Nf3 d5 2. d4 Nf6 3. c4 c5 4. cxd5 cxd4 5. Qxd4 Qxd5 6. Nc3 Qxd4 7. Nxd4 a6 8. g3 e5 9. Nb3 Nc6 10. Bg2 Be7 11. O-O O-O 12. Be3 a5 13. Bc5 Bxc5 14. Nxc5 Rb8 15. Rfd1 Nd4 16. e3 Ne6 17. N5e4 Nxe4 18. Nxe4 b6 19. Nd6 1/2-1/2

[Event "Kretsmesterskap i lagsjakk for Troms og nordre Nordland Sjakkrets 2026"]
[Site "Thon Hotel, Harstad"]
[Date "2026.01.23"]
[Group "Kretsmesterskap i lagsjakk for Troms og nordre Nordland Sjakkrets 2026"]
[Table "12"]
[Round "3"]
[White "Tromsø 1-T. Valvåg"]
[Black "Harstad 1-J. Pettersen"]
[WhiteElo "2079"]
[BlackElo "2073"]
[Result "1-0"]

1. d4 g6 2. Nf3 Bg7 3. Bf4 d6 4. e3 Nf6 5. h3 O-O 6. Be2 Nbd7 7. O-O c6 8. c4 h6 9. Nc3 Kh7 10. b4 Nh5 11. Bh2 f5 12. Ne1 Nhf6 13. Nd3 Nb6 14. c5 Nbd5 15. Nxd5 Nxd5 16. cxd6 exd6 17. Bf3 Be6 18. a4 a5 19. Qd2 axb4 20. Nxb4 Nb6 21. Qc2 Bc4 22. Rfb1 d5 23. a5 Nc8 24. a6 bxa6 25. Nxc6 Qe8 26. Na5 1-0

[Event "Kretsmesterskap i lagsjakk for Troms og nordre Nordland Sjakkrets 2026"]
[Site "Thon Hotel, Harstad"]
[Date "2026.01.23"]
[Group "Kretsmesterskap i lagsjakk for Troms og nordre Nordland Sjakkrets 2026"]
[Table "13"]
[Round "3"]
[White "Harstad 1-P. Mathisen"]
[Black "Tromsø 1-P. Røyset"]
[WhiteElo "1761"]
[BlackElo "2112"]
[Result "1/2-1/2"]

1. c4 e5 2. Nc3 Nc6 3. Nf3 Nf6 4. g3 d5 5. cxd5 Nxd5 6. Bg2 Nxc3 7. bxc3 Bd6 8. e4 O-O 9. O-O Re8 10. d3 Bg4 11. Qb3 Na5 12. Qc2 c5 13. Be3 Rc8 14. Nd2 Qd7 15. Nb3 Qa4 16. f3 Be6 17. Nd4 Qxc2 18. Nxc2 Red8 19. f4 f6 20. Rf2 Be7 21. Rd2 Rd7 22. h3 Rcd8 23. Bf1 b6 24. Ne1 b5 25. Nf3 exf4 26. gxf4 b4 27. cxb4 cxb4 28. d4 Nc4 29. Bxc4 Bxc4 30. d5 Bf8 31. Rc1 Ba6 32. Nd4 1/2-1/2

[Event "Kretsmesterskap i lagsjakk for Troms og nordre Nordland Sjakkrets 2026"]
[Site "Thon Hotel, Harstad"]
[Date "2026.01.23"]
[Group "Kretsmesterskap i lagsjakk for Troms og nordre Nordland Sjakkrets 2026"]
[Table "14"]
[Round "3"]
[White "Tromsø 1-B. Halvorsen"]
[Black "Harstad 1-R. Jakobsen"]
[WhiteElo "1995"]
[BlackElo "1751"]
[Result "1-0"]

1. e4 c6 2. d4 d5 3. Nc3 dxe4 4. Nxe4 Nf6 5. Nxf6+ exf6 6. c3 Bd6 7. Bd3 O-O 8. Qc2 Re8+ 9. Ne2 g6 10. h4 Nd7 11. h5 Nf8 12. Bh6 f5 13. O-O-O b5 14. g4 Qf6 15. gxf5 Bxf5 16. Bxf5 Rxe2 17. Qxe2 Qxf5 18. Qd3 Bf4+ 19. Bxf4 Qxf4+ 20. Qe3 Qf5 21. Qe5 Qxe5 22. dxe5 Ne6 23. h6 Kf8 24. Rd6 Rc8 25. Rhd1 a5 26. a4 bxa4 27. Rd7 Rb8 28. Ra7 Nc5 29. Kc2 Ke8 30. Rxa5 Ne4 31. f3 Ng5 32. f4 Nh3 33. Rxa4 Nf2 34. Rd2 Ng4 35. Ra7 Nxh6 36. Rh2 1-0

[Event "KM 2026"]
[Site "?"]
[Date "2026.01.24"]
[Round "3"]
[White "Narvik 1 T. Søraas"]
[Black "Tromsø 4 F. Remman"]
[Result "1-0"]
[WhiteElo "2114"]
[BlackElo "1856"]
[PlyCount "95"]
[EventDate "2026.??.??"]
[SourceDate "2026.01.24"]
[SourceVersionDate "2026.01.24"]

1. e4 c5 2. Nc3 Nc6 3. g3 g6 4. Bg2 Bg7 5. d3 d6 6. Nge2 Rb8 7. a4 e6 8. Be3
Nge7 9. d4 b6 10. O-O O-O 11. h3 Qd7 12. Qd2 Rd8 13. Rfd1 Qe8 14. Kh2 Bb7 15.
d5 exd5 16. Nxd5 Nxd5 17. exd5 Na5 18. b3 Ba6 19. Nc3 Rb7 20. Bg5 f6 21. Bf4
Re7 22. h4 Rdd7 23. Bh3 f5 24. Bg5 Re5 25. Re1 Qf7 26. Bg2 Bf6 27. Bf4 Ree7 28.
Rxe7 Qxe7 29. Re1 Qg7 30. Re8+ Kf7 31. Qe3 Be7 32. Ra8 Qf6 33. Bf3 h5 34. Kg2
Kg7 35. Bh6+ Kh7 36. Bf4 Qf7 37. Qe6 Bf6 38. Nb5 Bxb5 39. axb5 Qxe6 40. dxe6
Re7 41. Bd5 Rg7 42. Bxd6 g5 43. hxg5 Bxg5 44. Bb8 h4 45. Rxa7 Be7 46. Be5 Bf6
47. Rxg7+ Kxg7 48. e7 1-0

[Event "Kretsmesterskap i lagsjakk for Troms og nordre Nordland Sjakkrets 2026"]
[Site "Thon Hotel, Harstad"]
[Date "2026.01.23"]
[Group "Kretsmesterskap i lagsjakk for Troms og nordre Nordland Sjakkrets 2026"]
[Table "33"]
[Round "3"]
[White "Narvik 1-O. Selnes"]
[Black "Tromsø 4-K. Schouten"]
[WhiteElo "1838"]
[BlackElo "1585"]
[Result "1-0"]

1. c4 e5 2. d3 b6 3. Nf3 d6 4. Nc3 Bb7 5. g3 Nf6 6. Bg2 Nbd7 7. e4 Be7 8. Nh4 O-O 9. Nf5 c6 10. O-O Re8 11. Bd2 Bf8 12. b4 Kh8 13. Qb3 c5 14. a3 Nb8 15. b5 Nbd7 16. Ra2 Qc7 17. h3 Nb8 18. Qd1 a5 19. f4 Nbd7 20. Bc1 Rad8 21. Raf2 Bc8 22. Ne3 Bb7 23. f5 Be7 24. g4 Ng8 25. Ned5 Bxd5 26. Nxd5 Qb8 27. g5 f6 28. h4 Rf8 29. Qg4 Rde8 30. Rf3 Qd8 31. Rg3 Rf7 32. g6 hxg6 33. fxg6 Rff8 34. Qh5+ 1-0

[Event "Kretsmesterskap i lagsjakk for Troms og nordre Nordland Sjakkrets 2026"]
[Site "Thon Hotel, Harstad"]
[Date "2026.01.23"]
[Group "Kretsmesterskap i lagsjakk for Troms og nordre Nordland Sjakkrets 2026"]
[Table "41"]
[Round "3"]
[White "Tromsø 2-M. Machlik"]
[Black "Tromsø 3-B. Gulljord"]
[WhiteElo "2084"]
[BlackElo "1925"]
[Result "1-0"]

1. d4 d5 2. c4 c6 3. Nc3 Nf6 4. e3 e6 5. Nf3 Nbd7 6. Be2 Bd6 7. O-O O-O 8. b3 b6 9. Bb2 Bb7 10. Bd3 Qe7 11. Re1 c5 12. cxd5 exd5 13. Ne2 Ne4 14. Ng3 f5 15. Rc1 g5 16. Qe2 Rae8 17. Ba1 h6 18. dxc5 bxc5 19. Qb2 Qh7 20. Qc2 g4 21. Nd2 h5 22. Ngf1 h4 23. f4 gxf3 24. Nxf3 Ndf6 25. Re2 Re6 26. Rce1 Qh5 27. Qb2 h3 28. N3d2 Rf7 29. Bxe4 fxe4 30. Rf2 hxg2 31. Rxg2+ Rg7 32. Ng3 Bxg3 33. Rxg3 Rxg3+ 34. hxg3 d4 35. Nf1 Ng4 36. Qg2 Rf6 37. Qh1 Qf5 38. Qg2 Ba6 39. exd4 cxd4 40. Bxd4 Rh6 41. Qxe4 Qxe4 42. Rxe4 Nf6 43. Rf4 Nd5 44. Rg4+ Kf7 45. Ne3 Nxe3 46. Bxe3 Be2 47. Ra4 Re6 48. Rxa7+ Kg6 49. Kf2 Bd3 50. Rb7 Bb1 51. a4 Kf5 52. a5 Bd3 53. Rb6 Re5 54. b4 Ke4 55. a6 Rf5+ 56. Bf4 Kd4 57. a7 Be4 58. Rb8 Rh5 59. a8=Q Rh2+ 60. Ke1 Rh1+ 61. Kd2 Rh2+ 62. Kc1 Rh1+ 63. Kb2 Bxa8 64. Rxa8 Kc4 65. Rc8+ Kxb4 66. Kc2 Kb5 67. Kd2 1-0

[Event "Kretsmesterskap i lagsjakk for Troms og nordre Nordland Sjakkrets 2026"]
[Site "Thon Hotel, Harstad"]
[Date "2026.01.23"]
[Group "Kretsmesterskap i lagsjakk for Troms og nordre Nordland Sjakkrets 2026"]
[Table "42"]
[Round "3"]
[White "Tromsø 3-M. Nagy"]
[Black "Tromsø 2-A. Solbu"]
[WhiteElo "1594"]
[BlackElo "1962"]
[Result "0-1"]

1. d4 d5 2. c4 e6 3. e3 Nf6 4. Nc3 Be7 5. Nf3 O-O 6. Bd2 b6 7. cxd5 exd5 8. Be2 Be6 9. O-O c5 10. dxc5 bxc5 11. b3 d4 12. exd4 cxd4 13. Nb5 d3 14. Bxd3 Qxd3 15. Nc7 Nbd7 16. Nxa8 Rxa8 17. Rc1 Bd5 18. Be3 Qg6 19. Nh4 Qe4 20. Qd4 Qe6 21. Bg5 Qb6 22. Be3 Qb7 23. Bf4 Ne8 24. Nf3 Ba3 25. Rc3 Bb2 26. Rc7 Nxc7 27. Qxb2 Ne6 28. Qd2 Bxf3 29. gxf3 Qxf3 30. Bg3 Nf6 31. Rc1 Rd8 32. Qc2 Nd4 33. Qc7 Ne2+ 34. Kf1 Nxg3+ 35. hxg3 Rd1+ 36. Rxd1 Qxd1+ 37. Kg2 Qd5+ 38. Kf1 Qd7 39. Qb8+ Ne8 40. Ke1 Qe7+ 41. Kf1 Kf8 42. b4 Qd7 43. b5 Qd1+ 0-1

[Event "Kretsmesterskap i lagsjakk for Troms og nordre Nordland Sjakkrets 2026"]
[Site "Thon Hotel, Harstad"]
[Date "2026.01.23"]
[Group "Kretsmesterskap i lagsjakk for Troms og nordre Nordland Sjakkrets 2026"]
[Table "43"]
[Round "3"]
[White "Tromsø 2-J. Joensen"]
[Black "Tromsø 3-E. Frediani"]
[WhiteElo "1960"]
[BlackElo "1556"]
[Result "1-0"]

1. e4 c6 2. d4 d5 3. exd5 cxd5 4. Bd3 Nf6 5. c3 Bg4 6. Qb3 Qc7 7. Ne2 Nbd7 8. Bf4 Qb6 9. Nd2 e6 10. O-O Be7 11. Ng3 O-O 12. Rfe1 Rac8 13. Rac1 a6 14. h3 Bh5 15. Nxh5 Nxh5 16. Bh2 Bg5 17. Rcd1 Qxb3 18. axb3 Nhf6 19. Nf3 Bh6 20. g4 Ne4 21. Bxe4 dxe4 22. Rxe4 f5 23. gxf5 exf5 24. Re7 Rf7 25. Rde1 Kf8 26. Bd6 Rd8 27. Re8# 1-0

[Event "Kretsmesterskap i lagsjakk for Troms og nordre Nordland Sjakkrets 2026"]
[Site "Thon Hotel, Harstad"]
[Date "2026.01.23"]
[Group "Kretsmesterskap i lagsjakk for Troms og nordre Nordland Sjakkrets 2026"]
[Table "44"]
[Round "3"]
[White "Tromsø 3-A. Wintervold"]
[Black "Tromsø 2-H. Strøm"]
[WhiteElo "1484"]
[BlackElo "1725"]
[Result "1/2-1/2"]

1. d4 d5 2. c4 e6 3. Nc3 Nf6 4. Bg5 Be7 5. Nf3 h6 6. Bh4 b6 7. e3 Bb7 8. h3 Nbd7 9. cxd5 Nxd5 10. Bxe7 Qxe7 11. Be2 Nxc3 12. bxc3 O-O 13. O-O e5 14. a4 a5 15. Qc2 e4 16. Nd2 f5 17. Nb3 Rf6 18. c4 Rg6 19. Bh5 Rg5 20. Be2 Rg6 21. Bh5 Rg5 22. Be2 1/2-1/2

[Event "Kretsmesterskap i lagsjakk for Troms og"]
[Site "Thon Hotel, Harstad"]
[Date "2026.01.25"]
[Round "4"]
[White "Sortland-M. Larsen"]
[Black "Tromsø 3-M. Nagy"]
[Result "1-0"]
[WhiteElo "2064"]
[BlackElo "1594"]
[PlyCount "27"]
[EventDate "2026.??.??"]

1. e4 c5 2. Nf3 d6 3. c3 g6 4. d4 cxd4 5. cxd4 Bg7 6. Nc3 Nc6 7. Bc4 e6 8. d5
Nce7 9. dxe6 Bxe6 10. Bxe6 fxe6 11. Qb3 Qd7 12. O-O h6 13. Rd1 O-O-O 14. Nb5
1-0

[Event "Kretsmesterskap i lagsjakk for Troms og"]
[Site "Thon Hotel, Harstad"]
[Date "2026.01.25"]
[Round "4"]
[White "Tromsø 3-B. Gulljord"]
[Black "Sortland-J. Åsvang"]
[Result "1/2-1/2"]
[WhiteElo "1925"]
[BlackElo "2030"]
[PlyCount "58"]
[EventDate "2026.??.??"]

1. d4 Nf6 2. c4 e6 3. Nf3 d5 4. g3 c5 5. Bg2 Nc6 6. O-O dxc4 7. Qa4 Bd7 8. Qxc4
Qb6 9. dxc5 Qxc5 10. Qh4 Qb4 11. Nc3 Qxh4 12. Nxh4 Be7 13. Rd1 O-O 14. Ne4 Rfd8
15. Be3 Nxe4 16. Bxe4 Be8 17. Nf3 Bf6 18. g4 Rxd1+ 19. Rxd1 Rd8 20. Rc1 a6 21.
g5 Be7 22. h4 f5 23. Bc2 Nb4 24. Bb3 Nd5 25. Bxd5 Rxd5 26. Rc7 Rd7 27. Rc8 Rd8
28. Rc7 Rd7 29. Rc8 Rd8 1/2-1/2

[Event "Kretsmesterskap i lagsjakk for Troms og"]
[Site "Thon Hotel, Harstad"]
[Date "2026.01.25"]
[Round "4"]
[White "Tromsø 3-E. Frediani"]
[Black "Sortland-A. Randers-Pehrson"]
[Result "1-0"]
[WhiteElo "1556"]
[BlackElo "1489"]
[PlyCount "37"]
[EventDate "2026.??.??"]

1. e4 d5 2. e5 e6 3. d4 c5 4. c3 cxd4 5. cxd4 Nc6 6. Bb5 a6 7. Ba4 b5 8. Bb3
Nh6 9. Nc3 Nf5 10. Nf3 Qb6 11. Be3 Bb4 12. O-O Nxe3 13. fxe3 O-O 14. Ng5 Be7
15. Nxh7 Kxh7 16. Qh5+ Kg8 17. Bc2 g6 18. Bxg6 Nxe5 19. Qh7# 1-0

[Event "Kretsmesterskap i lagsjakk for Troms og"]
[Site "Thon Hotel, Harstad"]
[Date "2026.01.25"]
[Round "4"]
[White "Harstad 3-K. Tuen"]
[Black "Tromsø 2-J. Joensen"]
[Result "0-1"]
[WhiteElo "1507"]
[BlackElo "1960"]
[PlyCount "103"]
[EventDate "2026.??.??"]

1. d4 d5 2. Nd2 Nf6 3. Ngf3 e6 4. e3 Be7 5. c4 Nbd7 6. Qb3 c6 7. Bd3 O-O 8.
cxd5 exd5 9. O-O Re8 10. Re1 Nf8 11. e4 dxe4 12. Nxe4 Nd5 13. a3 b6 14. Qc2 Bd7
15. Ne5 Rc8 16. Ba6 Rc7 17. Nc3 Be6 18. Nxc6 Rxc6 19. Bb5 Rc8 20. Bxe8 Qxe8 21.
Qe2 Qd7 22. Bd2 Bf6 23. Qb5 Nxc3 24. Qxd7 Bxd7 25. bxc3 Be6 26. Rac1 b5 27. f4
g6 28. h3 h5 29. Re3 Nd7 30. Be1 Bxd4 31. cxd4 Rxc1 32. Kf2 Rc2+ 33. Kg3 Nf6
34. Kh4 Rxg2 35. Bg3 Nd5 36. Rd3 Kg7 37. f5 Bxf5 38. Be5+ f6 39. Rg3 Re2 40.
Rf3 fxe5 41. dxe5 Rxe5 42. a4 Re4+ 43. Kg3 Rxa4 44. Rd3 Bxd3 45. Kf2 h4 46. Kg1
Rf4 47. Kh2 Kf6 48. Kg1 Ke5 49. Kh2 Ke4 50. Kg1 Ke3 51. Kh2 Kf3 52. Kg1 0-1

[Event "Kretsmesterskap i lagsjakk for Troms og"]
[Site "Thon Hotel, Harstad"]
[Date "2026.01.25"]
[Round "4"]
[White "Narvik 1-T. Søraas"]
[Black "Harstad 1-H. Bech"]
[Result "0-1"]
[WhiteElo "2114"]
[BlackElo "2139"]
[PlyCount "60"]
[EventDate "2026.??.??"]

1. e4 c5 2. Nc3 Nc6 3. g3 g6 4. Bg2 Bg7 5. d3 e6 6. Be3 d6 7. Qd2 Rb8 8. Nf3 b5
9. d4 b4 10. Ne2 Nf6 11. Qd3 Qb6 12. Nd2 cxd4 13. Nc4 Ne5 14. Nxb6 Nxd3+ 15.
cxd3 dxe3 16. Nc4 exf2+ 17. Kxf2 Ke7 18. Rac1 Bd7 19. h3 Rhc8 20. b3 Bb5 21. e5
dxe5 22. Nxe5 Ne4+ 23. Bxe4 Bxe5 24. Ke3 f5 25. Bf3 Bb2 26. Rcd1 Rc2 27. Rd2
Rxd2 28. Kxd2 Rd8 29. Kc2 Rxd3 30. Bc6 Bxc6 0-1

[Event "Kretsmesterskap i lagsjakk for Troms og"]
[Site "Thon Hotel, Harstad"]
[Date "2026.01.25"]
[Round "4"]
[White "Harstad 1-J. Pettersen"]
[Black "Narvik 1-M. Aanstad"]
[Result "1/2-1/2"]
[WhiteElo "2073"]
[BlackElo "1968"]
[PlyCount "161"]
[EventDate "2026.??.??"]

1. d4 Nf6 2. Nf3 d5 3. c4 c6 4. e3 e6 5. Nc3 Nbd7 6. Bd2 Bd6 7. Rb1 a5 8. c5
Bc7 9. Qa4 O-O 10. b4 b5 11. cxb6 Nxb6 12. Qc2 axb4 13. Rxb4 Qd6 14. Na4 Nxa4
15. Rxa4 Rxa4 16. Qxa4 c5 17. Bd3 Bd7 18. Qa3 Ne4 19. Bxe4 dxe4 20. dxc5 Qd5
21. Nd4 Ra8 22. Qc1 Rxa2 23. Qb1 Rxd2 24. Kxd2 e5 25. Qb3 Qxc5 26. Nc2 Be6 27.
Qa3 Qd5+ 28. Kc1 h6 29. Rd1 Qb5 30. Qa8+ Kh7 31. Qxe4+ f5 32. Qb4 Qc6 33. f3
Bd5 34. Qd2 Be6 35. Qd3 e4 36. Qd4 Bb6 37. Qb4 Bxe3+ 38. Kb1 Bc5 39. Qc3 e3 40.
Nd4 Qb6+ 41. Kc1 e2 42. Nxe2 Bb3 43. Rd3 Ba3+ 44. Kb1 Bc4+ 45. Kc2 Bxd3+ 46.
Qxd3 Qb2+ 47. Kd1 Qa1+ 48. Kd2 Bb4+ 49. Kc2 Qa2+ 50. Kd1 Qa4+ 51. Qc2 Qd7+ 52.
Kc1 Ba3+ 53. Kb1 Qb5+ 54. Ka2 Be7 55. Ng3 Qd5+ 56. Kb1 g6 57. Qc7 Qe6 58. Kc2
Kg8 59. Qb8+ Bf8 60. Qb3 Kf7 61. Ne2 Bd6 62. h3 g5 63. Nd4 Qxb3+ 64. Kxb3 Kf6
65. Kc4 Be5 66. Nc6 h5 67. Kd5 Bc7 68. g4 fxg4 69. fxg4 hxg4 70. hxg4 Bf4 71.
Nd4 Bc1 72. Ne2 Bd2 73. Ng3 Bc1 74. Ne4+ Kg6 75. Ke6 Bb2 76. Ng3 Bc1 77. Nf5
Ba3 78. Nd4 Bb2 79. Nc6 Bf6 80. Nb4 Bb2 81. Nd5 1/2-1/2

[Event "Kretsmesterskap i lagsjakk for Troms og"]
[Site "Thon Hotel, Harstad"]
[Date "2026.01.25"]
[Round "4"]
[White "Narvik 1-O. Selnes"]
[Black "Harstad 1-P. Mathisen"]
[Result "1/2-1/2"]
[WhiteElo "1838"]
[BlackElo "1761"]
[PlyCount "36"]
[EventDate "2026.??.??"]

1. d4 Nf6 2. c4 e6 3. Nf3 b6 4. g3 Bb7 5. Bg2 Bb4+ 6. Bd2 Bxd2+ 7. Nbxd2 d6 8.
Qc2 Nbd7 9. O-O Qe7 10. e4 e5 11. Rfe1 a5 12. Rad1 O-O 13. Nf1 g6 14. h3 Nh5
15. Ne3 Ng7 16. Nd5 Bxd5 17. cxd5 Rac8 18. h4 f5 1/2-1/2

[Event "Kretsmesterskap i lagsjakk for Troms og"]
[Site "Thon Hotel, Harstad"]
[Date "2026.01.25"]
[Round "4"]
[White "Harstad 1-R. Jakobsen"]
[Black "Narvik 1-P. Olsen"]
[Result "1/2-1/2"]
[WhiteElo "1751"]
[BlackElo "1734"]
[PlyCount "100"]
[EventDate "2026.??.??"]

1. d4 d5 2. Nf3 Nf6 3. Bf4 c5 4. e3 Nc6 5. Nbd2 Qb6 6. dxc5 Qxc5 7. a3 Bg4 8.
Be2 e6 9. h3 Bh5 10. O-O Be7 11. b4 Qb6 12. c4 O-O 13. c5 Qd8 14. g4 Bg6 15.
Nh4 d4 16. Nxg6 hxg6 17. exd4 Nxd4 18. Nf3 Nxe2+ 19. Qxe2 Nd5 20. Bg3 Qe8 21.
Ne5 Qa4 22. Nxg6 Bf6 23. Ne5 a5 24. b5 Nc3 25. Qf3 Nxb5 26. Qxb7 Nd4 27. Qe4
Rad8 28. Rad1 Rd5 29. Rd3 Rfd8 30. Rfd1 Bxe5 31. Bxe5 Rxe5 32. Qxe5 Nf3+ 33.
Rxf3 Rxd1+ 34. Kg2 Qc6 35. Qf4 Rd7 36. Qb8+ Kh7 37. Qb6 Qe4 38. Kg3 Qe5+ 39.
Kg2 Qe4 40. Kg3 Kg6 41. Qb5 Qe5+ 42. Kg2 Rc7 43. Qb1+ Kh6 44. Qc1+ Kg6 45. c6
Qd5 46. Qc2+ Kh6 47. Qc1+ Kh7 48. Kg3 Kg8 49. Qf4 Qxc6 50. Qe5 Qc5 1/2-1/2

[Event "Kretsmesterskap i lagsjakk for Troms og"]
[Site "Thon Hotel, Harstad"]
[Date "2026.01.25"]
[Round "4"]
[White "Harstad 2-S. Turkmani"]
[Black "Tromsø 1-M. Schouten"]
[Result "0-1"]
[WhiteElo "1784"]
[BlackElo "2292"]
[PlyCount "70"]
[EventDate "2026.??.??"]

1. Nf3 d5 2. c4 d4 3. d3 c5 4. g3 Nc6 5. Bf4 f6 6. Qb3 e5 7. Bc1 Bd6 8. Nbd2
Nge7 9. Qb5 O-O 10. Ne4 Nb4 11. Qa4 Bd7 12. Qb3 Qa5 13. Bd2 Ba4 14. Bxb4 cxb4
15. Qxa4 Qxa4 16. Nxd6 b3 17. a3 Qc6 18. Ne4 b5 19. cxb5 Qc2 20. Nfd2 Rac8 21.
Nc4 Rxc4 22. dxc4 Qxe4 23. f3 Qc2 24. Bh3 Qxb2 25. O-O Qxe2 26. Be6+ Kh8 27.
Rab1 Qe3+ 28. Kg2 e4 29. f4 Qc3 30. Rbc1 Qd2+ 31. Kh3 e3 32. c5 b2 33. Rb1 e2
34. Rfe1 d3 35. Bg4 Nd5 0-1

[Event "Kretsmesterskap i lagsjakk for Troms og"]
[Site "Thon Hotel, Harstad"]
[Date "2026.01.25"]
[Round "4"]
[White "Tromsø 1-T. Valvåg"]
[Black "Harstad 2-B. Halvorsen"]
[Result "1-0"]
[WhiteElo "2079"]
[BlackElo "1729"]
[PlyCount "56"]
[EventDate "2026.??.??"]

1. d4 g6 2. e4 Bg7 3. Nc3 Nc6 4. Be3 d6 5. d5 Ne5 6. Be2 Nf6 7. h3 O-O 8. Qd2
Re8 9. f4 Ned7 10. O-O-O Nc5 11. Bxc5 dxc5 12. e5 Nd7 13. Ne4 Nf8 14. Nxc5 b6
15. Nb3 c5 16. dxc6 Qxd2+ 17. Rxd2 Ne6 18. Bf3 a5 19. Ne2 Nc7 20. Rhd1 Ra7 21.
Rd8 Rf8 22. Rxf8+ Bxf8 23. Rd8 Be6 24. Rb8 Nd5 25. Nbd4 Rc7 26. Nxe6 fxe6 27.
Bxd5 exd5 28. Nd4 Kf7 1-0

[Event "Kretsmesterskap i lagsjakk for Troms og"]
[Site "Thon Hotel, Harstad"]
[Date "2026.01.25"]
[Round "4"]
[White "Harstad 3-A. Ryseth"]
[Black "Tromsø 2-M. Machlik"]
[Result "0-1"]
[WhiteElo "1594"]
[BlackElo "2084"]
[PlyCount "71"]
[EventDate "2026.??.??"]

1. d4 Nf6 2. c4 e6 3. Nc3 Bb4 4. Nf3 b6 5. e3 Bb7 6. Bd2 O-O 7. Bd3 d5 8. O-O
Bd6 9. cxd5 exd5 10. Rc1 a6 11. Qc2 Nbd7 12. Rfe1 c5 13. Bf1 Re8 14. g3 Rc8 15.
Bg2 c4 16. b3 b5 17. bxc4 dxc4 18. Ng5 Bxg2 19. Kxg2 h6 20. Nge4 Bf8 21. Nxf6+
Nxf6 22. Red1 b4 23. Ne2 Qd5+ 24. Kg1 Ne4 25. Nf4 Qb7 26. d5 Bd6 27. f3 Ng5 28.
Kg2 c3 29. e4 cxd2 30. Qxd2 a5 31. Rc6 Be5 32. Rxc8 Rxc8 33. d6 Qd7 34. Qd5
Rc2+ 35. Kf1 Bxf4 36. gxf4 0-1

[Event "Kretsmesterskap i lagsjakk for Troms og"]
[Site "Thon Hotel, Harstad"]
[Date "2026.01.25"]
[Round "4"]
[White "Tromsø 2-A. Solbu"]
[Black "Harstad 3-M. Bølgen"]
[Result "1-0"]
[WhiteElo "1962"]
[BlackElo "1567"]
[PlyCount "99"]
[EventDate "2026.??.??"]

1. e4 c6 2. d4 d5 3. exd5 cxd5 4. Bd3 Nc6 5. c3 Nf6 6. Bf4 Bg4 7. Qb3 Qb6 8.
Na3 Qxb3 9. axb3 e6 10. Nc2 Be7 11. Bb5 O-O 12. Bxc6 bxc6 13. b4 Bf5 14. Ne3
Bg6 15. h4 h5 16. Nf3 Ne4 17. Ne5 Rfc8 18. Ra6 Bd6 19. f3 Bxe5 20. dxe5 Nxc3
21. bxc3 Bd3 22. Ra5 Rd8 23. Kd2 Bb5 24. Nc2 f6 25. Nd4 a6 26. exf6 gxf6 27.
Nxe6 Re8 28. Re1 Kf7 29. Nc7 Rxe1 30. Kxe1 Rg8 31. Nxb5 axb5 32. Ra7+ Ke6 33.
Kf2 Kf5 34. g3 Rd8 35. Ke3 Re8+ 36. Kd4 Re1 37. Rh7 Kg6 38. Rh6+ Kf7 39. Rxh5
Rf1 40. Rh7+ Ke6 41. Rc7 Rxf3 42. Rxc6+ Kf5 43. Kxd5 Rd3+ 44. Kc5 Rxc3+ 45.
Kxb5 Rb3 46. h5 Rb1 47. h6 Kg6 48. Rc7 Rh1 49. g4 Rh4 50. Rg7# 1-0

[Event "Kretsmesterskap i lagsjakk for Troms og"]
[Site "Thon Hotel, Harstad"]
[Date "2026.01.25"]
[Round "5"]
[White "Narvik 1-O. Selnes"]
[Black "Harstad 2-S. Turkmani"]
[Result "1-0"]
[WhiteElo "1838"]
[BlackElo "1784"]
[PlyCount "64"]
[EventDate "2026.??.??"]

1. d4 Nf6 2. c4 e6 3. Nf3 b6 4. g3 d6 5. Bg2 Bb7 6. Nc3 h6 7. Qc2 c5 8. O-O Be7
9. Rd1 Qc8 10. b3 Nc6 11. e4 e5 12. dxe5 dxe5 13. Nd5 Nxd5 14. exd5 Nd4 15. Qe4
Nxf3+ 16. Bxf3 Bd6 17. Bg4 Qd8 18. f4 O-O 19. fxe5 Re8 20. Bb2 Qg5 21. e6 f6
22. h4 f5 23. hxg5 fxe4 24. gxh6 Bxg3 25. hxg7 Bf4 26. Kf2 Re7 27. Rh1 Rxg7 28.
Bxg7 Kxg7 29. Ke2 Kf6 30. Rh5 Rg8 31. Rf5+ Ke7 32. Rxf4 b5 1-0

[Event "Kretsmesterskap i lagsjakk for Troms og"]
[Site "Thon Hotel, Harstad"]
[Date "2026.01.25"]
[Round "5"]
[White "Tromsø 1-M. Schouten"]
[Black "Tromsø 4-F. Remman"]
[Result "1-0"]
[WhiteElo "2292"]
[BlackElo "1856"]
[PlyCount "47"]
[EventDate "2026.??.??"]

1. Nf3 b6 2. e4 Bb7 3. Nc3 c5 4. d4 cxd4 5. Nxd4 g6 6. Be3 Bg7 7. Qd2 Nf6 8. f3
O-O 9. O-O-O d6 10. Bc4 Nbd7 11. h4 h5 12. g4 Rc8 13. Bb3 Nc5 14. Bh6 Nxb3+ 15.
axb3 Rc5 16. Rdg1 e6 17. Nce2 hxg4 18. h5 Bxe4 19. Bxg7 Kxg7 20. hxg6 Rh8 21.
fxe4 Nxe4 22. Qf4 Qg5 23. Rxh8 Kxh8 24. gxf7 1-0

[Event "Kretsmesterskap i lagsjakk for Troms og"]
[Site "Thon Hotel, Harstad"]
[Date "2026.01.25"]
[Round "5"]
[White "Tromsø 4-O. Sørensen"]
[Black "Tromsø 1-T. Valvåg"]
[Result "1-0"]
[WhiteElo "1710"]
[BlackElo "2079"]
[PlyCount "99"]
[EventDate "2026.??.??"]

1. e4 c5 2. Nc3 Nc6 3. Bb5 Nd4 4. Nf3 a6 5. Bd3 g6 6. Nxd4 cxd4 7. Ne2 d5 8.
O-O Bg7 9. c3 dxe4 10. Bxe4 d3 11. Nd4 e5 12. Nb3 f5 13. Bf3 e4 14. Qe1 Ne7 15.
Bd1 a5 16. f3 a4 17. Nc5 b5 18. fxe4 Qd6 19. Qe3 f4 20. Qf2 O-O 21. b4 Nc6 22.
Kh1 Be6 23. Nxe6 Qxe6 24. Qc5 Rab8 25. Qd5 Qxd5 26. exd5 Nxb4 27. Ba3 Nxd5 28.
Bxf8 Rxf8 29. Rb1 Nb6 30. Bf3 Rf5 31. Be4 Re5 32. Bxd3 Nc4 33. Rxb5 Nxd2 34.
Rxe5 Bxe5 35. Rc1 f3 36. Kg1 fxg2 37. Kxg2 Kf7 38. Rc2 Bf4 39. c4 Ke7 40. c5
Kd8 41. Bb5 a3 42. Rc3 g5 43. Bd3 h5 44. Rxa3 Kc7 45. Ra6 h4 46. h3 Be3 47. Re6
Bf4 48. Kf2 Bg3+ 49. Ke2 Bf4 50. Rf6 1-0